CBSE BOARD EXAM 2023-2024 SAMPLE QUESTION PAPERS-ENGLISH-CLASS-10 (Record no. 12496)

MARC details
000 -LEADER
fixed length control field 00283nam a22000977a 4500
008 - FIXED-LENGTH DATA ELEMENTS--GENERAL INFORMATION
fixed length control field 231208b |||||||| |||| 00| 0 eng d
020 ## - INTERNATIONAL STANDARD BOOK NUMBER
International Standard Book Number 9789355559692
100 ## - MAIN ENTRY--PERSONAL NAME
Personal name MTG
9 (RLIN) 7733
245 ## - TITLE STATEMENT
Title CBSE BOARD EXAM 2023-2024 SAMPLE QUESTION PAPERS-ENGLISH-CLASS-10
260 ## - PUBLICATION, DISTRIBUTION, ETC. (IMPRINT)
Place of publication, distribution, etc. New Delhi
Name of publisher, distributor, etc. MTG
Date of publication, distribution, etc. 2023

No items available.

Powered by Koha